The Role of Events in the Development of Wine Tourism in Georgia

Bibliográfiai részletek
Szerző: Enukidze Tinatin
További közreműködők: Székely György
Dokumentumtípus: Diplomadolgozat
Kulcsszavak:Wine Events
Georgia
Wine Festivals
Online Access:http://dolgozattar.uni-bge.hu/16900

MARC

LEADER 00000nta a2200000 i 4500
001 dolg16900
005 20180919134608.0
008 180517suuuu hu om 000 eng d
040 |a BGE Dolgozattár Repozitórium  |b hun 
041 |a en 
100 1 |a Enukidze Tinatin 
245 1 4 |a The Role of Events in the Development of Wine Tourism in Georgia  |c Enukidze Tinatin  |h [elektronikus dokumentum] 
246 1 1 |a The Role of Events in the Development of Wine Tourism in Georgia 
695 |a Wine Events 
695 |a Georgia 
695 |a Wine Festivals 
700 1 |a Székely György  |e ths 
856 4 0 |u http://dolgozattar.uni-bge.hu/16900/1/Final%20-%20MA%20thesis.pdf  |z Dokumentum-elérés